Architectes lauréats du Prix Pritzker - Statistiques

Statistiques générales
  • Ce quiz a été pris 302 fois
    215 depuis la dernière actualisation
  • Le résultat moyen est 12 sur 44
Statistiques - réponses
Année Lauréat Nationalité % Correct
2008 Jean Nouvel France
72%
2004 Zaha Hadid États-Unis / Irak
71%
1995 Tadao Ando Japon
59%
1998 Renzo Piano Italie
55%
1999 Norman Foster Royaume-Uni
53%
2021 Anne Lacaton et Jean-Philippe Vassal France
48%
1988 Gordon Bunshaft et Oscar Niemeyer États-Unis / Brésil
47%
1989 Frank Gehry Canada / États-Unis
46%
2001 Jacques Herzog et Pierre de Meuron Suisse
45%
1984 Richard Meier États-Unis
45%
1983 Ieoh Ming Pei Chine / États-Unis
44%
2022 Diébédo Francis Kéré Allemagne / Burkina Faso
35%
1992 Alvaro Siza Portugal
34%
2000 Rem Koolhaas Pays-Bas
31%
1994 Christian de Portzamparc France
30%
2009 Peter Zumthor Suisse
28%
2015 Frei Otto Allemagne
27%
2023 David Chipperfield Royaume-Uni
25%
2003 Jorn Utzon Danemark
25%
2014 Shigeru Ban Japon
25%
1990 Aldo Rossi Italie
23%
2016 Alejandro Aravena Chili
23%
2013 Toyo Ito Japon
22%
1980 Luis Barragan Mexique
21%
2007 Richard Rogers Royaume-Uni
21%
2011 Eduardo Souto de Moura Portugal
19%
2012 Wang Shu Chine
19%
2002 Glenn Murcutt Australie
16%
1987 Kenzo Tange Japon
15%
1979 Philip Johnson États-Unis
15%
1991 Robert Venturi États-Unis
15%
2017 Rafael Aranda, Carme Pigem et Ramon Vialta Espagne
14%
2010 Kazuyo Sejima et Ryue Nishizawa Japon
13%
1997 Sverre Fehn Norvège
13%
1996 Rafael Moneo Espagne
11%
2019 Arata Isozaki Japon
10%
2018 Balkrishna Vithaldas Doshi Inde
10%
2020 Yvonne Farrell et Shelley McNamara Irlande
10%
1993 Fumihiko Maki Japon
8%
1985 Hans Hollein Autriche
8%
1981 James Stirling Royaume-Uni
8%
1982 Kevin Roche Irlande / États-Unis
8%
2005 Paulo Mendes da Rocha Brésil
8%
1986 Gottfried Böhm Allemagne
7%
Aucun quiz correspondant
Distribution des résultats
% des personnes avec chaque résultat
Percentile par nombre de réponses
Votre historique - résultats
Vous n’avez pas pris ce quiz depuis la dernière actualisation